Software engineering: A practitioner's approach (Record no. 2067)
[ view plain ]
| 000 -LEADER | |
|---|---|
| fixed length control field | 00519nam a2200205Ia 4500 |
| 003 - CONTROL NUMBER IDENTIFIER | |
| control field | OSt |
| 005 - DATE AND TIME OF LATEST TRANSACTION | |
| control field | 20220107122648.0 |
| 008 - FIXED-LENGTH DATA ELEMENTS--GENERAL INFORMATION | |
| fixed length control field | 130318s9999 xx 000 0 und d |
| 020 ## - INTERNATIONAL STANDARD BOOK NUMBER | |
| International Standard Book Number | 9780071267823 |
| 040 ## - CATALOGING SOURCE | |
| Transcribing agency | |
| 082 ## - DEWEY DECIMAL CLASSIFICATION NUMBER | |
| Classification number | 005.1 PRE/S;7 |
| 100 ## - MAIN ENTRY--PERSONAL NAME | |
| Personal name | Pressman, Roger S |
| 9 (RLIN) | 7395 |
| 245 ## - TITLE STATEMENT | |
| Title | Software engineering: A practitioner's approach |
| 250 ## - EDITION STATEMENT | |
| Edition statement | 7 |
| 260 ## - PUBLICATION, DISTRIBUTION, ETC. | |
| Name of publisher, distributor, etc. | McGraw Hill |
| Place of publication, distribution, etc. | U.S.A |
| Date of publication, distribution, etc. | 2010 |
| 300 ## - PHYSICAL DESCRIPTION | |
| Extent | 895 |
| 650 ## - SUBJECT ADDED ENTRY--TOPICAL TERM | |
| Topical term or geographic name entry element | QUALTY MANAGEMENT |
| 9 (RLIN) | 7396 |
| 650 ## - SUBJECT ADDED ENTRY--TOPICAL TERM | |
| Topical term or geographic name entry element | SOFTWARE ENGINEERING |
| 9 (RLIN) | 7397 |
| 942 ## - ADDED ENTRY ELEMENTS (KOHA) | |
| Source of classification or shelving scheme | Dewey Decimal Classification |
| Koha item type | Books |
| Withdrawn status | Lost status | Source of classification or shelving scheme | Damaged status | Not for loan | Collection code | Home library | Current library | Shelving location | Date acquired | Cost, normal purchase price | Total Checkouts | Total Renewals | Full call number | Barcode | Date last seen | Date last checked out | Price effective from | Koha item type |
|---|---|---|---|---|---|---|---|---|---|---|---|---|---|---|---|---|---|---|
| Dewey Decimal Classification | Software Engineering | Kerala University of Digital Sciences, Innovation and Technology Knowledge Centre | Kerala University of Digital Sciences, Innovation and Technology Knowledge Centre | Computer Science | 18/03/2013 | 442.00 | 22 | 7 | 005.1 PRE/S;9 | 2084 | 05/04/2019 | 12/10/2018 | 18/03/2013 | Books |